Paisatges del Ter : nord d'Osona nord d'Osona
Descripción Física:
1 f. plegat : il. col., fot., map. ; 26 x 20 cm
MARC
| LEADER | 00000nam a2200000Ia 4500 | ||
|---|---|---|---|
| 001 | 18086 | ||
| 008 | 160829s2003 xx 000 0 cat d | ||
| 080 | |a FU-47-38 | ||
| 245 | |a Paisatges del Ter : |b nord d'Osona | ||
| 260 | |a Barcelona : |b Diputació de Barcelona. Xarxa de Municipis, |c 2003 | ||
| 300 | |a 1 f. plegat : |b il. col., fot., map. ; |c 26 x 20 cm | ||
| 590 | |a Conté un mapa de la zona. | ||
| 590 | |a A la portada: Turisme Total. | ||
| 650 | |a Osona |x Guies |9 39341 | ||
| 650 | |a Ter |x Guies |9 39342 | ||
| 710 | 1 | |a Barcelona (Catalunya : Província). |b Diputació |9 52408 | |
| 901 | |a Arxiu | ||
| 942 | |n 1 | ||
| 952 | |0 0 |1 0 |4 0 |6 FU4738 |7 1 |9 48960 |a Arxiu |b Arxiu |d 2016-12-01 |l 0 |o FU-47-38 |p 18086 |r 2016-12-01 00:00:00 |w 2016-12-01 |y ARXIU | ||
| 999 | |c 52795 |d 52795 | ||